| 000 | 00428cam a2200169ua 4500 | ||
|---|---|---|---|
| 020 | _c5.00 | ||
| 041 |
_amal _h |
||
| 082 |
_a894.8122 _bUNN/TA |
||
| 100 | _aUnnikrishnan nair , V . | ||
| 245 |
_aTagorinte Natakangal, vol 1 / _cV.Unnikrishnan nair. _hTextual Documents |
||
| 260 |
_aNew Delhi : _bSahithya Accademi , _c1963. |
||
| 300 | _a308 ; . | ||
| 365 | _a5.00 | ||
| 504 | _a | ||
| 942 | _cBK | ||
| 999 |
_c956 _d956 |
||